NBA All Stars - Statistics

General Stats
  • This quiz has been taken 32 times
  • The average score is 23 of 25
Answer Stats
Hint Answer % Correct
Timberwolves (G) Anthony Edwards
100%
Bucks (G) Damian Lillard
100%
Cavaliers (G) Donovan Mitchell
100%
Suns (PF) Kevin Durant
100%
Lakers (PF) LeBron James
100%
Thunder (G) Shai Gilgeous-Alexander
100%
Mavericks (PF) Anthony Davis
96%
Pistons (G) Cade Cunningham
96%
Knicks (G) Jalen Brunson
96%
Celtics (PF) Jayson Tatum
96%
Knicks (C) Karl-Anthony Towns
96%
Mavericks (G) Kyrie Irving
96%
Nuggets (C) Nikola Jokic
96%
Pacers (PF) Pascal Siakam
96%
Warriors (G) Stephen Curry
96%
Spurs (C) Victor Wembanyama
96%
Cavaliers (PF) Evan Mobley
93%
Celtics (G) Jaylen Brown
93%
Hawks (G) Trae Young
93%
Rockets (C) Alperen Sengun
86%
Cavaliers (G) Darius Garland
86%
Clippers (G) James Harden
86%
Heat (G) Tyler Herro
86%
Grizzlies (PF) Jaren Jackson Jr.
82%
Thunder (G) Jalen Williams
79%
No matching quizzes found
Score Distribution
Percent of People with Each Score
Percentile by Number Answered
Your Score History
You have not taken this quiz